00625cam1a220020500 4500001001200000008004100012010001600053020001500069035001900084035002100103035002200124050002100146082001200167100006500179245006300244260003100307504005100338650002400389004000600413lce01025222750725s1976 nyua b 001 0 eng  a 75023472 a0471817562 a(Sirsi) r26543 a(DLC) 75023472 a(UPRA)lce010252220 aQA845b.S73 1976 a531/.111 aSposito, Garrison, 1939-dSposito, Garrison, 1939-6A69348.113aAn introduction to classical dynamics /cGarrison Sposito. aNew York :bWiley,c[1976] aIncludes bibliographical references and index. 0aDynamics.6S12792.126543